[Event "OVER 1700 STANDARD CHESS TOURNEY - SEP 2010"]
[Site "SchemingMind.com"]
[Date "2010.08.31"]
[Round "-"]
[White "_keyes"]
[Black "NAZRIZ1977"]
[Result "0-1"]
[WhiteCountry "ENG"]
[BlackCountry "WLS"]
[WhiteElo "1902"]
[WhiteRD "75"]
[BlackElo "1756"]
[BlackRD "74"]
[GameID "258971"]

1. f3 e5 2. g3 d5 3. Nh3 Nf6 4. Nf2 Nc6 5. Bg2 Bc5 6. e3 O-O 7. O-O Bf5 8. a3 a5 9. b3 Re8 10. d3 Qd7
11. Re1 Rad8 12. Nd2 h5 13. c4 dxc4 14. dxc4 Bxe3 15. Rxe3 Qd4 16. Ra2 Qxe3 17. Bf1 Nd4 18. Kg2 Qc3 19. Nde4 Nxe4 20. fxe4 Bg4
21. Nxg4 hxg4 22. Rb2 Nf3
0-1

[Event "OVER 1700 STANDARD CHESS TOURNEY - SEP 2010"]
[Site "SchemingMind.com"]
[Date "2010.08.31"]
[Round "-"]
[White "NAZRIZ1977"]
[Black "_keyes"]
[Result "1-0"]
[WhiteCountry "WLS"]
[BlackCountry "ENG"]
[WhiteElo "1772"]
[WhiteRD "74"]
[BlackElo "1897"]
[BlackRD "76"]
[GameID "258972"]

1. c4 f6 2. d4 g6 3. Nc3 Nh6 4. e4 Nf7 5. f4 Bg7 6. Nf3 b6 7. Bd3 O-O 8. O-O Bb7 9. Be3 d6 10. d5 Nd7
11. Nd4 Nc5 12. b4 Nxd3 13. Qxd3 Qc8 14. Rfc1 Nd8 15. Rab1 e5 16. fxe5 fxe5 17. Nf3 Nf7 18. c5 Qd8 19. cxd6 cxd6 20. Qd2 Ba6
21. Ne1 Bc4 22. a4 Nh6 23. Ne2 Bxe2 24. Qxe2 Qf6 25. Nd3 Qe7 26. Rc6 Rfc8 27. Rbc1 Rxc6 28. Rxc6 Nf7 29. Qc2 Qf8 30. a5 bxa5
31. bxa5 Qd8 32. Rc7 Qb8 33. h3 a6 34. Kh2 Qb5 35. Qc6 Qxc6 36. Rxc6 Bf8 37. Nb4 Nd8 38. Rxa6 Rxa6 39. Nxa6 Nb7 40. Bb6 Bh6
41. Nc5 dxc5 42. a6 Nd6 43. a7
1-0

[Event "OVER 1700 STANDARD CHESS TOURNEY - SEP 2010"]
[Site "SchemingMind.com"]
[Date "2010.09.01"]
[Round "-"]
[White "Scooter"]
[Black "_keyes"]
[Result "1-0"]
[WhiteCountry "USA"]
[BlackCountry "ENG"]
[WhiteElo "1846"]
[WhiteRD "60"]
[BlackElo "1930"]
[BlackRD "81"]
[GameID "259109"]

1. d4 Nf6 2. Nf3 e6 3. Bg5 Be7 4. Nbd2 h6 5. Bxf6 Bxf6 6. e3 b6 7. Bd3 d5 8. O-O O-O 9. c4 c6 10. cxd5 exd5
11. Rc1 Re8 12. b4 Bb7 13. a4 Nd7 14. Qe2 Qe7 15. b5 c5 16. Rfe1 c4 17. Bf5 g6 18. Bh3 Bg7 19. g3 g5 20. Bg2 Rac8
21. Rc3 f5 22. Kf1 Qb4 23. Rec1 g4 24. Nh4 Bxd4 25. Nxf5 Bxc3 26. Qxg4+ Kh7 27. Qh5 Bg7 28. Qf7 Rg8 29. Nf3 Rcd8 30. Ng5+ Kh8
31. Qg6 Nf6 32. Nf7#
1-0

[Event "OVER 1700 STANDARD CHESS TOURNEY - SEP 2010"]
[Site "SchemingMind.com"]
[Date "2010.09.01"]
[Round "-"]
[White "Scooter"]
[Black "NAZRIZ1977"]
[Result "0-1"]
[WhiteCountry "USA"]
[BlackCountry "WLS"]
[WhiteElo "1846"]
[WhiteRD "60"]
[BlackElo "1788"]
[BlackRD "79"]
[GameID "259110"]

1. d4 Nf6 2. Bf4 g6 3. h3 Bg7 4. Nf3 d6 5. e3 O-O 6. Be2 Nbd7 7. O-O b6 8. Nbd2 Bb7 9. c4 Re8 10. Qb3 e5
11. dxe5 dxe5 12. Bg5 Nc5 13. Qc2 a5 14. Rfd1 Qe7 15. a3 a4 16. Kf1 Rad8 17. Rac1 Bc6 18. b4 axb3 19. Nxb3 Ba4 20. Nfd2 Rxd2
0-1

[Event "OVER 1700 STANDARD CHESS TOURNEY - SEP 2010"]
[Site "SchemingMind.com"]
[Date "2010.09.01"]
[Round "-"]
[White "_keyes"]
[Black "Scooter"]
[Result "0-1"]
[WhiteCountry "ENG"]
[BlackCountry "USA"]
[WhiteElo "1902"]
[WhiteRD "75"]
[BlackElo "1901"]
[BlackRD "62"]
[GameID "259111"]

1. d4 Nf6 2. c4 g6 3. Nc3 Bg7 4. e4 d6 5. f3 O-O 6. Be3 e5 7. d5 c6 8. Bd3 cxd5 9. cxd5 Nbd7 10. Nge2 Nc5
11. Bc2 a6 12. Qd2 b5 13. b4 Ncd7 14. O-O Nb6 15. Bd3 Bb7 16. Rfb1 Rc8 17. a4 Nc4 18. Bxc4 bxc4 19. b5 axb5 20. axb5 Ra8
21. Rxa8 Qxa8 22. Qb2 Nd7 23. Qb4 Qb8 24. Qxc4 Rc8 25. Qb4 Nc5 26. Bxc5 Rxc5 27. Rb3 Qa7 28. Kf1 Bh6 29. Qa4 Qb6 30. Ra3 Qc7
31. Qa5 Qc8 32. Qb6 Bd2 33. Na4 Rc1+ 34. Kf2 Be1+ 35. Ke3 Qc2 36. Rd3 Rd1 37. Rxd1 Qxd1 38. f4 Qd2+ 39. Kf3 Bc8 40. f5 Bxf5
41. exf5 Qd3+ 42. Qe3 e4+ 43. Kf4 g5+
0-1

[Event "OVER 1700 STANDARD CHESS TOURNEY - SEP 2010"]
[Site "SchemingMind.com"]
[Date "2010.09.02"]
[Round "-"]
[White "NAZRIZ1977"]
[Black "Scooter"]
[Result "1-0"]
[WhiteCountry "WLS"]
[BlackCountry "USA"]
[WhiteElo "1788"]
[WhiteRD "79"]
[BlackElo "1846"]
[BlackRD "60"]
[GameID "259112"]

1. c4 c6 2. g3 Nf6 3. Bg2 e5 4. d4 exd4 5. Qxd4 Bb4+ 6. Bd2 Bxd2+ 7. Qxd2 O-O 8. Nc3 Na6 9. Nh3 Nc7 10. Nf4 Ne6
11. O-O Nxf4 12. Qxf4 Re8 13. Rfd1 Qb6 14. b3 d5 15. cxd5 cxd5 16. Nxd5 Nxd5 17. Bxd5 Be6 18. Bg2 Rac8 19. Rac1 Qa6 20. Rxc8 Rxc8
21. Qc7 Qa3 22. Rd8+ Rxd8 23. Qxd8+ Qf8 24. Qxf8+ Kxf8 25. Bxb7 Ke7 26. Kg2 Kd6 27. Kf3 Kc5 28. Ke4 Bh3 29. Kd3 Bd7 30. Kc3 a5
31. e4 Bg4 32. e5
1-0

[Event "OVER 1700 STANDARD CHESS TOURNEY - SEP 2010"]
[Site "SchemingMind.com"]
[Date "2010.09.03"]
[Round "-"]
[White "Bricriu"]
[Black "_keyes"]
[Result "1-0"]
[WhiteCountry "IRL"]
[BlackCountry "ENG"]
[WhiteElo "1819"]
[WhiteRD "77"]
[BlackElo "1790"]
[BlackRD "77"]
[GameID "259198"]

1. e4 c5 2. Nf3 d6 3. Bb5+ Bd7 4. Bxd7+ Nxd7 5. O-O Ngf6 6. d3 e6 7. Qe2 Qc7 8. Ng5 h6 9. Nh3 Be7 10. f4 O-O-O
11. c4 Rdg8 12. Be3 Nh7 13. Nd2 Bf6 14. Nf3 g5 15. Nf2 Bd8 16. fxg5 Nxg5 17. a3 Nxf3+ 18. Qxf3 Ne5 19. Qe2 f5 20. exf5 exf5
21. Nh3 Ng4 22. Nf4 Nxe3 23. Qxe3 Bg5 24. Qe6+ Qd7 25. Qxd7+ Kxd7 26. Rae1 Bf6 27. b4 cxb4 28. axb4 Bc3 29. Rb1 Rg4 30. Nd5 Bd4+
31. Kh1 Rhg8 32. g3 Rf8 33. Rf4 Rxf4 34. Nxf4 Re8 35. b5 Re3 36. Rd1 a5 37. bxa6 bxa6 38. Nd5 Re8 39. Rf1 Rf8 40. Rb1 Rc8
41. Rb7+
1-0

[Event "OVER 1700 STANDARD CHESS TOURNEY - SEP 2010"]
[Site "SchemingMind.com"]
[Date "2010.09.02"]
[Round "-"]
[White "Bricriu"]
[Black "Scooter"]
[Result "0-1"]
[WhiteCountry "IRL"]
[BlackCountry "USA"]
[WhiteElo "1792"]
[WhiteRD "74"]
[BlackElo "1901"]
[BlackRD "62"]
[GameID "259199"]

1. e4 c6 2. d4 d5 3. exd5 cxd5 4. c4 Nf6 5. Nc3 e6 6. Bg5 Be7 7. Nf3 O-O 8. Bd3 Nc6 9. a3 Qb6 10. Na4 Qa5+
11. Bd2 Qc7 12. Rc1 dxc4 13. Bxc4 Qd8 14. Bg5 Ne4 15. Bxe7 Qxe7 16. O-O Rd8 17. Bd3 Ng5 18. Nxg5 Qxg5 19. Rc5 Qf6 20. d5 Rxd5
21. Qc2 g6 22. Be4 Rxc5 23. Nxc5 Nd4 24. Qd2 Nf5 25. Rd1 Kg7 26. Bxb7 Bxb7
0-1

[Event "OVER 1700 STANDARD CHESS TOURNEY - SEP 2010"]
[Site "SchemingMind.com"]
[Date "2010.09.02"]
[Round "-"]
[White "Bricriu"]
[Black "NAZRIZ1977"]
[Result "1-0"]
[WhiteCountry "IRL"]
[BlackCountry "WLS"]
[WhiteElo "1792"]
[WhiteRD "74"]
[BlackElo "1756"]
[BlackRD "74"]
[GameID "259200"]

1. e4 c6 2. d4 d5 3. exd5 cxd5 4. c4 Nf6 5. Nc3 Nc6 6. Bg5 e6 7. Nf3 Be7 8. c5 O-O 9. Bb5 Ne4 10. Bxe7 Nxe7
11. Rc1 Bd7 12. Bd3 f5 13. Ne5 Nc6 14. Nxc6 bxc6 15. O-O Qh4 16. f3 Ng5 17. Qe1
1-0

[Event "OVER 1700 STANDARD CHESS TOURNEY - SEP 2010"]
[Site "SchemingMind.com"]
[Date "2010.09.02"]
[Round "-"]
[White "_keyes"]
[Black "Bricriu"]
[Result "1/2-1/2"]
[WhiteCountry "ENG"]
[BlackCountry "IRL"]
[WhiteElo "1897"]
[WhiteRD "76"]
[BlackElo "1823"]
[BlackRD "74"]
[GameID "259201"]

1. d4 d5 2. c4 c6 3. Nc3 dxc4 4. a4 Nf6 5. e3 Bf5 6. Bxc4 e6 7. Nge2 Bb4 8. O-O O-O 9. Ng3 Nbd7 10. Nxf5 exf5
11. Na2 Be7 12. Qc2 Nb6 13. Bd3 g6 14. f3 a5 15. Bd2 Nbd5 16. Rae1 Nb4 17. Nxb4 Bxb4 18. Bxb4 axb4 19. b3 Nd5 20. Bc4 Nc3
21. Rf2 b5 22. axb5 cxb5 23. Bd3 Qd6 24. Qc1 Rfc8 25. Rc2 Qd5 26. Qd2 Re8=
1/2-1/2

[Event "OVER 1700 STANDARD CHESS TOURNEY - SEP 2010"]
[Site "SchemingMind.com"]
[Date "2010.09.02"]
[Round "-"]
[White "Scooter"]
[Black "Bricriu"]
[Result "1-0"]
[WhiteCountry "USA"]
[BlackCountry "IRL"]
[WhiteElo "1901"]
[WhiteRD "62"]
[BlackElo "1792"]
[BlackRD "74"]
[GameID "259202"]

1. d4 d5 2. Nf3 Bf5 3. Bf4 Nf6 4. h3 e6 5. e3 Bd6 6. Bxd6 Qxd6 7. c3 O-O 8. Bd3 Bxd3= 9. Qxd3 Nbd7 10. O-O c5
11. Nbd2 c4 12. Qc2 b5 13. Rfe1 a5 14. e4 dxe4 15. Nxe4 Nxe4 16. Qxe4 Nf6 17. Qh4 b4 18. Nd2 Rfc8 19. Re3 Qd8 20. Rg3 Nd5
21. Qh6 Qf6 22. Qh5 bxc3 23. bxc3 Rab8 24. Ne4 Qf5 25. Qh6 g6 26. Ng5 Rb1+ 27. Rxb1 Qxb1+ 28. Kh2 Rc7 29. Rf3 Qb7 30. Qxh7+ Kf8
31. Qh8+ Ke7 32. Rxf7+ Kd6 33. Ne4+ Kc6 34. Qe8+ Kb6 35. Qxe6+ Ka7 36. Nc5
1-0

[Event "OVER 1700 STANDARD CHESS TOURNEY - SEP 2010"]
[Site "SchemingMind.com"]
[Date "2010.09.02"]
[Round "-"]
[White "NAZRIZ1977"]
[Black "Bricriu"]
[Result "1-0"]
[WhiteCountry "WLS"]
[BlackCountry "IRL"]
[WhiteElo "1772"]
[WhiteRD "74"]
[BlackElo "1823"]
[BlackRD "74"]
[GameID "259203"]

1. c4 c5 2. Nf3 Nc6 3. g3 g6 4. Bg2 Bg7 5. O-O e5 6. Nc3 Nge7 7. Ne1 d6 8. Nc2 O-O 9. Rb1 a5 10. a3 Be6
11. d3 f5 12. b4 axb4 13. axb4 e4 14. Nb5 exd3 15. Qxd3 Ne5 16. Qxd6 Qxd6 17. Nxd6 cxb4 18. Rxb4 N7c6 19. Rxb7 Ra2 20. Ne3 Rxe2
21. f4 Nd3 22. Bxc6 Nxc1 23. Rxc1 Rxe3 24. Rd1 Ra8 25. Rxg7+
1-0

[Event "OVER 1700 STANDARD CHESS TOURNEY - SEP 2010"]
[Site "SchemingMind.com"]
[Date "2010.09.02"]
[Round "-"]
[White "Transcendent"]
[Black "_keyes"]
[Result "0-1"]
[WhiteCountry "ENG"]
[BlackCountry "ENG"]
[WhiteElo "1793"]
[WhiteRD "51"]
[BlackElo "1902"]
[BlackRD "75"]
[GameID "259204"]

1. d4 Nf6 2. c4 e6 3. g3 c6 4. Bg2 d5 5. Nf3 Bd6 6. O-O Nbd7 7. Nc3 dxc4 8. e4 Be7 9. a4 Qa5 10. Bd2 Bb4
11. Qe2 Nb6 12. Ne5 O-O 13. Nxc4 Qa6 14. b3 Rd8 15. Nxb6 Qxb6 16. d5 cxd5 17. exd5 Bxc3 18. Bxc3 exd5 19. Bxf6 gxf6 20. Qd3 Be6
21. Rfe1 Rac8 22. Rac1 Qd6 23. Rxc8 Bxc8 24. Rd1 d4 25. Be4 h6 26. Rd2 Qe5 27. Re2 Qg5 28. Rc2= f5 29. h4 fxe4 30. Qxe4 Qf5
0-1

[Event "OVER 1700 STANDARD CHESS TOURNEY - SEP 2010"]
[Site "SchemingMind.com"]
[Date "2010.09.02"]
[Round "-"]
[White "Transcendent"]
[Black "Scooter"]
[Result "1/2-1/2"]
[WhiteCountry "ENG"]
[BlackCountry "USA"]
[WhiteElo "1794"]
[WhiteRD "56"]
[BlackElo "1846"]
[BlackRD "60"]
[GameID "259205"]

1. d4 d5 2. c4 c6 3. Nf3 Nf6 4. e3 Bg4 5. Qb3 Qc7 6. Ne5 Bf5 7. cxd5 cxd5 8. Bd2 Nbd7 9. Nc3 e6 10. Nxd7 Nxd7
11. Nb5 Qb6 12. Rc1 Bd6 13. Nxd6+ Qxd6 14. Qxb7 O-O 15. Bb4 Rfb8 16. Bxd6 Rxb7 17. b3 h6 18. Be2 Nf6 19. O-O Ne4 20. Bc5 Nxc5
21. Rxc5 Rab8 22. Rfc1 f6 23. Rc7 a5 24. R1c5 Rxc7 25. Rxc7 Bb1 26. Ra7=
1/2-1/2

[Event "OVER 1700 STANDARD CHESS TOURNEY - SEP 2010"]
[Site "SchemingMind.com"]
[Date "2010.09.02"]
[Round "-"]
[White "Transcendent"]
[Black "NAZRIZ1977"]
[Result "1-0"]
[WhiteCountry "ENG"]
[BlackCountry "WLS"]
[WhiteElo "1793"]
[WhiteRD "51"]
[BlackElo "1756"]
[BlackRD "74"]
[GameID "259206"]

1. d4 Nf6 2. c4 g6 3. g3 Bg7 4. Bg2 O-O 5. Nc3 d6 6. Nf3 c6 7. O-O Qa5 8. e4 Bg4 9. h3 Bxf3 10. Bxf3 Nbd7
11. Qe2 e5 12. d5 Rac8 13. Bd2 Qa6 14. b3 cxd5 15. exd5 Rfe8 16. Nb5
1-0

[Event "OVER 1700 STANDARD CHESS TOURNEY - SEP 2010"]
[Site "SchemingMind.com"]
[Date "2010.09.02"]
[Round "-"]
[White "Transcendent"]
[Black "Bricriu"]
[Result "1-0"]
[WhiteCountry "ENG"]
[BlackCountry "IRL"]
[WhiteElo "1822"]
[WhiteRD "58"]
[BlackElo "1819"]
[BlackRD "77"]
[GameID "259207"]

1. d4 d5 2. c4 c6 3. Nf3 Nf6 4. e3 Bg4 5. Qb3 Qb6 6. Nc3 e6 7. Nh4 Be7 8. h3 Bh5 9. g4 Bg6 10. Nxg6 hxg6
11. Bg2 Qxb3 12. axb3 Bb4 13. Bd2 Nbd7 14. Ke2 Ke7 15. Ra4 a5 16. c5 Bxc3 17. Bxc3 Rh4 18. Bxa5 e5 19. dxe5 Nxe5 20. Bc7 Rxa4
21. bxa4 Ned7 22. b4 Rh8 23. a5 Ne4 24. Bxe4 dxe4 25. f3 exf3+ 26. Kxf3 Ke6 27. e4 Ne5+ 28. Kg3 Nd3 29. Rb1 Rc8 30. Bd6 Ne5
31. Kf4 Nd3+ 32. Ke3 Ne5 33. Bxe5 Kxe5 34. Rd1 Ke6 35. Rd6+ Ke7 36. Kf4 Rh8 37. b5 Ra8 38. a6 cxb5 39. axb7 Rb8 40. Rb6 Kd7
41. Ke5 Kc7 42. Rxb5 Kc6 43. Rb1 Kxc5 44. Rc1+ Kb6 45. Kd6
1-0

[Event "OVER 1700 STANDARD CHESS TOURNEY - SEP 2010"]
[Site "SchemingMind.com"]
[Date "2010.09.02"]
[Round "-"]
[White "_keyes"]
[Black "Transcendent"]
[Result "1-0"]
[WhiteCountry "ENG"]
[BlackCountry "ENG"]
[WhiteElo "1902"]
[WhiteRD "75"]
[BlackElo "1793"]
[BlackRD "51"]
[GameID "259208"]

1. d4 Nf6 2. c4 g6 3. Nc3 Bg7 4. e4 d6 5. f3 O-O 6. Be3 c5 7. d5 a6 8. Bd3 Nbd7 9. h3 Ne5 10. Be2 Nh5
11. Kf2 f5 12. exf5 gxf5 13. f4 Nxc4 14. Bxc4 Nf6 15. a4 b6 16. Qc2 Qe8 17. Nf3 Bb7 18. Rae1 Kh8 19. Ng5 Bc8 20. Bd2 Rg8
21. Ne6 Bxe6 22. Rxe6 Qf7 23. Rhe1 Rge8 24. Qxf5
1-0

[Event "OVER 1700 STANDARD CHESS TOURNEY - SEP 2010"]
[Site "SchemingMind.com"]
[Date "2010.09.02"]
[Round "-"]
[White "Scooter"]
[Black "Transcendent"]
[Result "1-0"]
[WhiteCountry "USA"]
[BlackCountry "ENG"]
[WhiteElo "1846"]
[WhiteRD "60"]
[BlackElo "1794"]
[BlackRD "56"]
[GameID "259209"]

1. d4 Nf6 2. Nf3 d5 3. Bf4 c6 4. h3 Qb6 5. b3 Bf5 6. e3 e6 7. Bd3 Bxd3 8. Qxd3 Nbd7 9. O-O Be7 10. Nbd2 O-O
11. c4 c5 12. Rac1 Rac8 13. Rfe1 dxc4 14. Nxc4 Qd8 15. Nd6 Bxd6 16. Bxd6 Re8 17. Qb5 cxd4 18. Nxd4 Qb6 19. Qxb6 Nxb6 20. Bc5 Nfd7
21. Bxb6 Nxb6= 22. Nb5 a6 23. Nd6 Rxc1 24. Rxc1 Re7= 25. Nc8 Rd7 26. Nxb6
1-0

[Event "OVER 1700 STANDARD CHESS TOURNEY - SEP 2010"]
[Site "SchemingMind.com"]
[Date "2010.09.03"]
[Round "-"]
[White "NAZRIZ1977"]
[Black "Transcendent"]
[Result "0-1"]
[WhiteCountry "WLS"]
[BlackCountry "ENG"]
[WhiteElo "1772"]
[WhiteRD "74"]
[BlackElo "1789"]
[BlackRD "51"]
[GameID "259210"]

1. c4 Nf6 2. g3 g6 3. Bg2 Bg7 4. Nf3 O-O 5. O-O d6 6. Nc3 c6 7. Rb1 Bf5 8. d3 Qd7 9. Re1 Bh3 10. Bh1 Na6
11. b4 Nc7 12. b5 Rfb8 13. a4 Ne6 14. a5 Ng4 15. Bd2 Nf6 16. a6 bxa6 17. bxc6 Qc7 18. Nd5 Nxd5 19. cxd5 Nc5 20. d4 Ne4
21. Qa4 Nxd2 22. Nxd2 Rxb1 23. Rxb1 Rb8= 24. Qxa6 Rxb1+ 25. Nxb1 Qb6 26. Qxb6 axb6 27. Bf3 Bc8
0-1

[Event "OVER 1700 STANDARD CHESS TOURNEY - SEP 2010"]
[Site "SchemingMind.com"]
[Date "2010.09.02"]
[Round "-"]
[White "Bricriu"]
[Black "Transcendent"]
[Result "1-0"]
[WhiteCountry "IRL"]
[BlackCountry "ENG"]
[WhiteElo "1823"]
[WhiteRD "74"]
[BlackElo "1789"]
[BlackRD "51"]
[GameID "259211"]

1. e4 c5 2. Nf3 d6 3. Bb5+ Bd7 4. Bxd7+ Qxd7 5. O-O Nc6 6. c3 Nf6 7. d4 cxd4 8. cxd4 Nxe4 9. d5 Nd8 10. Re1 Nf6
11. Nc3 g6 12. Bg5 Bg7 13. Qe2 h6 14. Bh4 e5 15. dxe6 Nxe6 16. Nd4 O-O 17. Nxe6 Rfe8 18. Bxf6 Bxf6 19. Nd5 Bg7 20. Ndc7 Rxe6
21. Nxe6 fxe6 22. Qxe6+ Qxe6 23. Rxe6 Bxb2 24. Rb1 Be5 25. Rxb7
1-0

[Event "OVER 1700 STANDARD CHESS TOURNEY - SEP 2010"]
[Site "SchemingMind.com"]
[Date "2010.09.02"]
[Round "-"]
[White "PawnPusherPete"]
[Black "_keyes"]
[Result "1-0"]
[WhiteCountry "ENG"]
[BlackCountry "ENG"]
[WhiteElo "2264"]
[WhiteRD "77"]
[BlackElo "1902"]
[BlackRD "75"]
[GameID "259218"]

1. e4 c5 2. Nf3 d6 3. d4 cxd4 4. Nxd4 Nf6 5. Nc3 a6 6. Bg5 e6 7. f4 Be7 8. Qf3 Nbd7 9. O-O-O Qc7 10. g4 b5
11. Bxf6 Nxf6 12. g5 Nd7 13. f5 Bxg5+ 14. Kb1 O-O 15. fxe6 Nb6 16. Nd5 Nxd5 17. exd5 fxe6 18. Qg4 Bf6 19. Nxe6 Bxe6 20. dxe6 Be5
21. Bd3 Rf4 22. Qh5 g6 23. Rdg1 Bg7 24. Qd5 Re8 25. Be4 Qe7 26. Qc6 Kh8 27. Bd5 Ref8 28. Qxa6 b4 29. Ka1 Qf6 30. Rb1 Qe5
31. Bb3 Re8 32. Rhe1 Qc5 33. Rbd1 Be5 34. Rf1 Rxf1 35. Qxf1 Qc7 36. Kb1 Qg7 37. Qb5 Re7 38. Qxb4 Bxh2 39. a4 Rb7 40. Qh4 Be5
41. Qd8+ Qg8 42. Qxg8+
1-0

[Event "OVER 1700 STANDARD CHESS TOURNEY - SEP 2010"]
[Site "SchemingMind.com"]
[Date "2010.09.02"]
[Round "-"]
[White "PawnPusherPete"]
[Black "Scooter"]
[Result "1/2-1/2"]
[WhiteCountry "ENG"]
[BlackCountry "USA"]
[WhiteElo "2078"]
[WhiteRD "118"]
[BlackElo "1859"]
[BlackRD "62"]
[GameID "259219"]

1. e4 c6 2. Nc3 d5 3. Nf3 dxe4 4. Nxe4 Bg4 5. h3 Bxf3 6. Qxf3 Nd7 7. d4 Ngf6 8. Bd3 Nxe4 9. Bxe4 Nf6 10. O-O Nxe4
11. Qxe4 e6 12. Bf4 Be7 13. c3 O-O 14. Rfe1 Bd6 15. Re2 Bxf4 16. Qxf4 Qe7 17. Rae1 Rfd8 18. Re5 Qc7 19. Qg4 Rd5 20. R1e3 Rad8
21. Qg3=
1/2-1/2

[Event "OVER 1700 STANDARD CHESS TOURNEY - SEP 2010"]
[Site "SchemingMind.com"]
[Date "2010.09.02"]
[Round "-"]
[White "PawnPusherPete"]
[Black "NAZRIZ1977"]
[Result "1-0"]
[WhiteCountry "ENG"]
[BlackCountry "WLS"]
[WhiteElo "2264"]
[WhiteRD "77"]
[BlackElo "1756"]
[BlackRD "74"]
[GameID "259220"]

1. e4 c6 2. Nc3 d5 3. Nf3 Bg4 4. h3 Bxf3 5. Qxf3 Nf6 6. g3 e6 7. Bg2 Nbd7 8. d3 Bb4 9. e5 Nxe5 10. Qe2 Ned7
11. Bd2 O-O 12. O-O-O a5 13. h4 b5 14. g4 Bxc3 15. Bxc3 b4 16. Bd2 Qb6 17. g5 Ne8 18. h5 a4 19. g6 c5 20. h6 fxg6
21. Rh4 Rf7 22. Bh3 Nf8 23. Re1 Ra6 24. Kb1 Rfa7 25. Bf4 b3 26. a3 bxc2+ 27. Qxc2 Qb3 28. Qxc5 Qxd3+ 29. Ka1 Qf3 30. Bg3 g5
31. Rb4 gxh6 32. Rb8 Qf7 33. Qc8 Ng7 34. Bf1
1-0

[Event "OVER 1700 STANDARD CHESS TOURNEY - SEP 2010"]
[Site "SchemingMind.com"]
[Date "2010.09.02"]
[Round "-"]
[White "PawnPusherPete"]
[Black "Bricriu"]
[Result "1-0"]
[WhiteCountry "ENG"]
[BlackCountry "IRL"]
[WhiteElo "2227"]
[WhiteRD "84"]
[BlackElo "1791"]
[BlackRD "79"]
[GameID "259221"]

1. e4 c6 2. d4 d5 3. Nc3 dxe4 4. Nxe4 Bf5 5. Ng3 Bg6 6. h4 h6 7. Nf3 Nd7 8. Bf4 e6 9. Bd3 Bxd3 10. Qxd3 Qa5+
11. c3 Ngf6 12. O-O Nh5 13. Nxh5 Qxh5 14. Be5 Nxe5 15. dxe5 Be7 16. Rad1 Rd8 17. Qe3 c5 18. Rxd8+ Kxd8 19. Rd1+ Kc7 20. b4 b6
21. Qe2 cxb4 22. Qa6 Ra8 23. cxb4 Bxb4 24. Qa4
1-0

[Event "OVER 1700 STANDARD CHESS TOURNEY - SEP 2010"]
[Site "SchemingMind.com"]
[Date "2010.09.02"]
[Round "-"]
[White "PawnPusherPete"]
[Black "Transcendent"]
[Result "1/2-1/2"]
[WhiteCountry "ENG"]
[BlackCountry "ENG"]
[WhiteElo "2264"]
[WhiteRD "77"]
[BlackElo "1793"]
[BlackRD "51"]
[GameID "259222"]

1. e4 c5 2. Nf3 d6 3. d4 cxd4 4. Nxd4 Nf6 5. Nc3 a6 6. Bg5 e6 7. f4 h6 8. Bh4 Be7 9. Qf3 Nbd7 10. O-O-O Qc7
11. Qg3 g5 12. fxg5 Nh5 13. Qe3 Qc5 14. Kb1 hxg5 15. Bf2 Ne5 16. Qd2 Qc7 17. Nf3 Nxf3 18. gxf3 Bd7 19. h4 gxh4 20. Be2 O-O-O
21. Bxh4 Bc6 22. Bf2 Nf6= 23. Bg3 Nh5=
1/2-1/2

[Event "OVER 1700 STANDARD CHESS TOURNEY - SEP 2010"]
[Site "SchemingMind.com"]
[Date "2010.09.02"]
[Round "-"]
[White "_keyes"]
[Black "PawnPusherPete"]
[Result "0-1"]
[WhiteCountry "ENG"]
[BlackCountry "ENG"]
[WhiteElo "1902"]
[WhiteRD "75"]
[BlackElo "2264"]
[BlackRD "77"]
[GameID "259223"]

1. d4 Nf6 2. c4 e6 3. Nc3 Bb4 4. e3 O-O 5. Bd3 d5 6. Nf3 c5 7. cxd5 exd5 8. O-O c4 9. Bc2 Nc6 10. a3 Bxc3
11. bxc3 Bg4 12. h3 Bh5 13. g4 Nxg4 14. hxg4 Bxg4 15. e4 Qf6 16. Kg2 Qg6 17. Nh4 Qe6 18. f3 Bh3+ 19. Kf2 Bxf1 20. Qxf1 dxe4
21. Bxe4 g6 22. d5 Qe7 23. Qh3 Ne5 24. a4 Nd3+ 25. Bxd3 cxd3 26. Be3 Rfe8 27. Re1 Qe5 28. Bd2 Qxd5 29. Qf1 Rxe1 30. Qxe1 Qc4
31. Qe4 Qxe4 32. fxe4 f6 33. Ke3 Rd8 34. Nf3 Kf7 35. Nd4 h5 36. Kxd3 h4 37. Ke3 g5 38. Be1 Rh8 39. Nf5 h3 40. Ng3 Ke6
41. c4 Rc8 42. Kd3 Rd8+ 43. Kc3 Rd1
0-1

[Event "OVER 1700 STANDARD CHESS TOURNEY - SEP 2010"]
[Site "SchemingMind.com"]
[Date "2010.09.02"]
[Round "-"]
[White "Scooter"]
[Black "PawnPusherPete"]
[Result "0-1"]
[WhiteCountry "USA"]
[BlackCountry "ENG"]
[WhiteElo "1859"]
[WhiteRD "62"]
[BlackElo "2078"]
[BlackRD "118"]
[GameID "259224"]

1. d4 Nf6 2. Nf3 c5 3. c4 cxd4 4. Nxd4 e5 5. Nf3 Nc6 6. Bg5 Bb4+ 7. Bd2 Qb6 8. b3 e4 9. Ng5 Qa5 10. Nh3 d5
11. cxd5 Nxd5 12. e3 Bxh3 13. gxh3 Ne5 14. Be2 O-O 15. O-O Rad8 16. a3 Bxd2 17. Nxd2 Nc3 18. b4 Qd5 19. Qe1 Nxe2+ 20. Qxe2 Nf3+
21. Nxf3 exf3
0-1

[Event "OVER 1700 STANDARD CHESS TOURNEY - SEP 2010"]
[Site "SchemingMind.com"]
[Date "2010.09.02"]
[Round "-"]
[White "NAZRIZ1977"]
[Black "PawnPusherPete"]
[Result "0-1"]
[WhiteCountry "WLS"]
[BlackCountry "ENG"]
[WhiteElo "1756"]
[WhiteRD "74"]
[BlackElo "2264"]
[BlackRD "77"]
[GameID "259225"]

1. c4 Nf6 2. g3 e5 3. Bg2 d5 4. cxd5 Nxd5 5. Nf3 Nc6 6. O-O Nb6 7. d3 Be6 8. Nbd2 Be7 9. a3 a5 10. b3 O-O
11. Bb2 f6 12. Qc2 Qd7 13. e3 Rfd8 14. d4 exd4 15. Nxd4 Nxd4 16. Bxd4 c5 17. Bxc5 Rac8 18. b4 Nd5 19. Nb3 b6 20. e4 Nxb4
21. axb4 axb4 22. Rfd1 Qc7 23. Rxd8+ Rxd8 24. Ra6 Bxc5 25. Nxc5 b3
0-1

[Event "OVER 1700 STANDARD CHESS TOURNEY - SEP 2010"]
[Site "SchemingMind.com"]
[Date "2010.09.02"]
[Round "-"]
[White "Bricriu"]
[Black "PawnPusherPete"]
[Result "0-1"]
[WhiteCountry "IRL"]
[BlackCountry "ENG"]
[WhiteElo "1791"]
[WhiteRD "79"]
[BlackElo "2227"]
[BlackRD "84"]
[GameID "259226"]

1. e4 c5 2. Nf3 d6 3. Bb5+ Nd7 4. c3 Nf6 5. Qe2 a6 6. Ba4 g6 7. O-O Bg7 8. d3 O-O 9. Nbd2 b5 10. Bc2 Qc7
11. Rb1 Bb7 12. Rd1 d5 13. h3 Rad8 14. Nf1 e5 15. Bg5 c4 16. exd5 cxd3 17. Bxd3 e4 18. Bxe4 Rde8 19. Ng3 Nxe4 20. Nxe4 f5
21. d6 Qc8 22. Be7 fxe4 23. Ng5 Rf5 24. Ne6 Bf6 25. Nc7 Bxe7 26. Nxe8 Bh4 27. g3 e3 28. Qxe3 Qc6 29. Kf1 Qg2+
0-1

[Event "OVER 1700 STANDARD CHESS TOURNEY - SEP 2010"]
[Site "SchemingMind.com"]
[Date "2010.09.02"]
[Round "-"]
[White "Transcendent"]
[Black "PawnPusherPete"]
[Result "0-1"]
[WhiteCountry "ENG"]
[BlackCountry "ENG"]
[WhiteElo "1794"]
[WhiteRD "56"]
[BlackElo "2227"]
[BlackRD "84"]
[GameID "259227"]

1. d4 Nf6 2. c4 e6 3. g3 c5 4. d5 d6 5. Nf3 exd5 6. cxd5 g6 7. Bg2 Bg7 8. Nc3 Na6 9. O-O O-O 10. h3 Re8
11. Nd2 Nc7 12. Re1 b5 13. a4 b4 14. Nb5 Nxb5 15. axb5 Bd7
0-1